| 000 | 00344nam a2200133Ia 4500 | ||
|---|---|---|---|
| 008 | 210210b1977 xxu||||| |||| 00| 0 eng d | ||
| 082 | _a339 RAIM | ||
| 100 | _aRAILKAR (J S). | ||
| 245 | _aMacro development economics. | ||
| 260 |
_aNew Delhi. _bSultan Chand & Sons _c1977 |
||
| 300 | _axvii,291 | ||
| 690 | _aMacroeconomics | ||
| 906 | _aSG01758 | ||
| 999 |
_c113245 _d113245 |
||